00489 2200181 4500001002100000005001500021035002000036007000300056008004100059020002200100082001200122084001800134100001500152245006300167250001100230260003300241300003300274INLIS00000000000204420260224100912 a0010-0226000054ta260224 g 0 ind  a978-979-3519-89-0 a343.431 a343.431 FOK u0 aFokusmedia1 aUNDANG UNDANG TINDAK PIDANA PERDAGANAN ORANG /cFokusmedia aCet. 1 aBandung :bFokusmedia,c2009 aviii + 214 :b- ;c10,5 x 21